000 00289nam a22001337a 4500
008 170313b xxu||||| |||| 00| 0 eng d
020 _a2900393976594
041 _aeng
080 _a591
100 _a7
101 _aSHM
245 _aPRINCIPLES ANIMAL BEHAVIOR
_cALAN.L
942 _2udc
_cBK
999 _c7706
_d7706